• 首页
  • 本馆介绍
  • 公告通知
  • 最新文献
  • 馆藏检索
  • 电子资源
  • 读者导购
  • 参考咨询
  • 我的图书馆
  • 登录
  • 详细信息显示
  • 放入我的书架
  • 预约/预借图书
  • 作者相关作品
  • 分类相关作品
  • 丛书相关作品
  • 出版社相关作品

书目信息

  • 表格格式
  • 工作单格式
  • 卡片格式
题名:
自学考试指导
    
 
作者: 辽宁省自学考试办公室 , 辽宁大学教务处 编写
分册:  
出版信息: 沈阳   辽宁人民出版社  1983
页数: 72页
开本: 19cm
丛书名:
单 册:
中图分类: G642.46
科图分类:
主题词: 教育--各级
电子资源:
ISBN:
000 00830nam0 2200217 45
001 0405101440
005 20060815170905.82
010    @dCNY0.30
091    @a3090.694
100    @a20040510d1983 km y0chiy0120 ea
101 0  @achi
200 1  @a自学考试指导@AZi Xue Kao Shi Zhi Dao@e党政工干部基础理论专修科@EDang Zheng Gong Gan Bu Ji Chu Li Lun Zhuan Xiu Ke@f辽宁省自学考试办公室,辽宁大学教务处编写@FLiao Ning Sheng Zi Xue Kao Shi Ban Gong Shi,Liao Ning Da Xue Jiao Wu Chu Bian Xie
210    @a沈阳@c辽宁人民出版社@d1983
215    @a72页@d19cm
517    @a党政工干部基础理论专修科@ADang Zheng Gong Gan Bu Ji Chu Li Lun Zhuan Xiu Ke
606 0  @a教育@x各级
690    @aG642.46@v3
701  0 @a辽宁省自学考试办公室@4编写
701  0 @a辽宁大学教务处@4编写
801    @aCN@bTSTCL@c20060815
905    @f4@b174499-502@dG642.46@e61
    
    自学考试指导:党政工干部基础理论专修科/辽宁省自学考试办公室,辽宁大学教务处编写.-沈阳:辽宁人民出版社,1983
    72页;19cm
    
    
    ISBN :CNY0.30
    
●
相关链接 在E读中查询图书 在五车中查询图书 在当当中查询图书 在豆瓣中查询图书


正题名:自学考试指导     索取号:G642.46/61         预约/预借

序号 登录号 条形码 馆藏地/架位号 状态 备注
1 0174499   001007047   密集书库/ [索取号:G642.46/61] 在馆    
2 0174500   001006985   密集书库/ [索取号:G642.46/61] 在馆    
3 0174501   001007029   密集书库/ [索取号:G642.46/61] 在馆    
4 0174502   001006976   密集书库/ [索取号:G642.46/61] 在馆    
5 0174503   001007038   第一样本阅览室/ [索取号:G642.46/61] 在馆    
6 0460449   204604491   密集书库/ [索取号:G642.46/61] 在馆    
7 0460450   204604507   密集书库/ [索取号:G642.46/61] 在馆    
唐山师范学院图书馆 欢迎您!
大连网信软件有限公司© 版权所有